| 000 | 00720nam a2200277Ia 4500 | ||
|---|---|---|---|
| 001 | Z_4136 | ||
| 003 | CHAP | ||
| 008 | 220113s1993 xx 000 0 und d | ||
| 010 | _a167199 | ||
| 020 | _a84-200-0755-2 | ||
| 040 | _cCHAP | ||
| 082 | _a574.87 D4y | ||
| 100 |
_aDellmann, Horst-Dieter _931701 |
||
| 245 |
_aHistologĂa veterinaria / _cpor Horst-Dieter Dellmann |
||
| 260 |
_aZaragoza : _bAcribia, _c1993 |
||
| 300 | _aix, 398 p. | ||
| 500 | _aTrad. De : 4 ed. Textbook of veterinary histology 1993. | ||
| 503 | _aej.1: 212012 \ ej.2: 218470 | ||
| 650 |
_aHistologĂa animal I. t. _9138533 |
||
| 901 | _a574.87 D4Y | ||
| 902 | _aM | ||
| 910 | _a1993 | ||
| 942 | _c1 | ||
| 942 | _cc1 | ||
| 999 |
_c167199 _d167199 |
||